000 00436nam a2200205Ia 4500
001 000435
003 YMCAF
005 20230512160020.0
008 100717s1970 ||||||||||||||||| ||und|d
024 _a435
035 _a420
040 _aYMCAF
_beng
_cIN-KoLT
041 _aeng
082 _aPRA-NOL
100 _aNOLL EDWARD M.
245 0 _aPRATICAL SCIENCE PROJECTSIM ELEC.
260 _c1970
300 _a472
942 _2ddc
_cBK
999 _c324
_d324